| 000 | 02270 a2200253 4500 | ||
|---|---|---|---|
| 001 | 1893 | ||
| 005 | 20260407155419.0 | ||
| 008 | 260407a2010 arg spa d | ||
| 003 | AR-UNSa-BCEJYS | ||
| 040 |
_aAR-UNSa-BCEJYS _bspa _cAR-UNSa-BCEJYS |
||
| 080 |
_a336.226.1 _xImpuestos a las ganancias o los beneficios (Impuesto Diferido) |
||
| 245 | 1 | 0 |
_aImpuesto a las ganancias _pestudio teórico-práctico de la Ley Argentina a la luz de la teoría general del impuesto a la renta |
| 020 | _a978-987-01-1128-3 | ||
| 250 | _a12a. ed. | ||
| 264 | 1 |
_aBuenos Aires : _bErrepar _c2010 |
|
| 300 |
_axlviii, 1133 p. _c24 cm. |
||
| 505 | _a1. Teoría general y antecedentes argentinos - 2.Objeto del impuesto - 3. Vinculo jurisdiccional. Residencia.Renta mundial.Ganancias de fuente argentina para beneficiarios del exterior.Vinculación económica internacional y precios de transferencia.Ganancias de fuente extranjera.Credito de impuesto - 4. Clasificación y análisis de las rentas imponibles - 5. Sujeto del impuesto - 6. Deducciones personales y exenciones - 7. Contabilidad Fiscal - 8. Normas generales sobre dererminación de la renta - 9. Determinación de la renta en la primera categoria - 10. Determinación de la renta en la segunda categoria - 11. Detrminación de la renta en la tercera categoria. Aspectos generales - 12. Amortizaciones - 13.Valuación de las mercaderias en los inverntarios - 14. Malos creditos - 15. Previsiones y reservas - 16. Diferencias de cambio por operaciones en moneda extranjera - 17. El ajuste por inflación - 18. Determianción de la renta - 18. Determinación dela renta en la cuarta categoria - 19. Incentivos a la inversión - 20. Explotaciones agropecuarias - 21. Operaciones inmobiliarias y construcciones - 22. Rentas delas sociedades de capital y de sus accionistas.Entrega de fondos o bienes.Impuesto de igualación - 23. La reorganización de empresas - 24. Liquidación, ingresos y retención del impuesto | ||
| 942 | _cBK | ||
| 590 | _aniveau_biblio:m niveau_hierar:0 | ||
| 100 | 1 | _aReig, Enrique Jorge | |
| 700 | 1 | _aGebhardt, Jorge | |
| 700 | 1 | _aMalvitano, Rubén H. | |
| 856 | 4 | 1 |
_uhttps://biblioeco.unsa.edu.ar/pmb/images/libros/Impuesto a las Ganancias(Reig,Gebhardt,Malvitano)2.jpg _yImagen de portada _qimage/jpeg |
| 999 |
_c193 _d193 |
||